000
00286nam a22001337a 4500
008
230324b ||||| |||| 00| 0 eng d
041
_a
eng
080
_a
7
082
_a
7WEB
100
_a
20
101
_a
ART
245
_a
GREEK THEATRE PRODUCTION
_c
WEBSTER.L.B.T
942
_2
udc
_c
BK
999
_c
59430
_d
59430